Consulta jurídica sobre la sede vacante de la Iglesia metropolitanana ante la muerte del obispo electo

Detalles Bibliográficos
Otros Autores: Alonso de Cuevas Dávalos
Formato: Libro
Publicado: ciudad de México, s.f.
Materias:
Colección:Banco de datos
Acervo:Biblioteca Palafoxiana. Colección de Manuscritos
Descripción Física:11 f. ; 31 x 21 cm.
Tema general:Eclesiástica
LEADER 00464nam a22001450004500
035 |a 327 
245 1 0 |a Consulta jurídica sobre la sede vacante de la Iglesia metropolitanana ante la muerte del obispo electo 
260 |a ciudad de México, s.f. 
300 |a 11 f. ; 31 x 21 cm. 
650 1 0 |a Eclesiástica 
700 1 |a Alonso de Cuevas Dávalos 
949 |a 19344/004 
942 |c PALAMANU 
943 |g Biblioteca Palafoxiana. Colección de Manuscritos 
999 |c 1068272  |d 1068272